| 000 | 00000nam 2200000za 4500 |
| 001 | 9.691957 |
| 003 | CaOODSP |
| 005 | 20220901140050 |
| 007 | cr ||||||||||| |
| 008 | 150407|2009||||xxc|||||o f|0| 0 eng d |
| 020 | |a978-1-100-12022-5 |
| 040 | |aCaOODSP|beng |
| 043 | |an-cn--- |
| 086 | 1 |aJ2-213/2009E-PDF |
| 110 | 1 |aCanada.|bJustice Canada. |
| 245 | 10|aWorking with victims of crime : |h[electronic resource]|ba manual applying research to clinical practice (second edition) / |cby James K. Hill. |
| 246 | 1 |aWorking with victims - a manual |
| 260 | |aOttawa - Ontario : |bJustice Canada |c[2009]. |
| 300 | |a164p.|bfigs., tables |
| 504 | |aBibliography. |
| 590 | |a11-07-Supp|b2011-05-17 |
| 690 | 07|aVictims|2gcpds |
| 720 | 1 |aHill, James K. |
| 775 | 08|tGuide de traitement des victimes d'actes criminels : |w(CaOODSP)9.636252 |
| 776 | 0#|tWorking with victims of crime : |w(CaOODSP)9.651510 |
| 795 | |tWorking with victims of crime : |w(CaOODSP)9.688746 |
| 856 | 40|ahttp://publications.gc.ca|qPDF|s1961 KB|uhttps://publications.gc.ca/collections/collection_2011/jus/J2-213-2009-eng.pdf |